Human Values and Health/ (Record no. 209026)

MARC details
000 -LEADER
fixed length control field 00664nam a22002057a 4500
005 - DATE AND TIME OF LATEST TRANSACTION
control field 20250213115356.0
010 ## - LCCN (DPL NO)
LC control number ENG-143792
020 ## - INTERNATIONAL STANDARD BOOK NUMBER
Terms of availability 260.00
International Standard Book Number 9788198126122
035 ## - SYSTEM CONTROL NUMBER
System control number EN-127324
037 ## - SOURCE OF ACQUISITION
Source of stock number/acquisition DBAD
082 ## - DEWEY DECIMAL CLASSIFICATION NUMBER
Classification number 230.35
100 ## - MAIN ENTRY--PERSONAL NAME
Personal name Ghooi, Charanjit
245 ## - TITLE STATEMENT
Title Human Values and Health/
Statement of responsibility, etc by Charanjit Ghooi
250 ## - EDITION STATEMENT
Edition statement 1
260 ## - PUBLICATION, DISTRIBUTION, ETC. (IMPRINT)
Place of publication, distribution, etc A.P
Name of publisher, distributor, etc Sri Sathya sai Sadhana Trust
Date of publication, distribution, etc 2024
270 ## - ADDRESS
City A.P
Address Prasanthi Nilayam, Puttaparthi
Postal code 515134
Telephone number 011-287375
Fax number 287236
300 ## - PHYSICAL DESCRIPTION
Extent 356p.
Dimensions 22cm(pb)
Other physical details Col. ill.
500 ## - GENERAL NOTE
General note Churned out of the Divine Discourses of Bhagawan Sri Sathya Sai Baba
942 ## - ADDED ENTRY ELEMENTS (KOHA)
Source of classification or shelving scheme Dewey Decimal Classification
Item type English Books
Classification part 230.35
Call number suffix GHO
Holdings
Withdrawn status Lost status Not for loan Collection code Home library Current library Date acquired Source of acquisition Cost, normal purchase price Full call number Barcode Copy number Cost, replacement price Koha item type
      Non-fiction Central Library Central Library 13/02/2025 Delivery of Books Act Division 260.00 230.35 GHO EN-127324 1 260.00 English Books

© Delhi Public Library
Hit Counter
free hit counter